மொழிப் பேழை : ( தரம் 3,4 & 5 ) /

Saved in:
Bibliographic Details
Main Author: T. நிசாம் முஹம்மட்
Format: Book
Language:English
Tamil
Published: கொழும்பு : மாணவன் பதிப்பகம் ; 2024.
Subjects:
Tags: Add Tag
No Tags, Be the first to tag this record!

MARC

LEADER 00000nam a22000007a 4500
005 20260411093846.0
008 260411b |||||||| |||| 00| 0 eng d
020 |a 9789553990129 
041 |a tam 
082 |a 372.4  |b நிசாம் 
100 |a T. நிசாம் முஹம்மட்  |9 117218 
245 |a மொழிப் பேழை :   |b ( தரம் 3,4 & 5 ) /  |c T. நிசாம் முஹம்மட் 
260 |a கொழும்பு :  |b மாணவன் பதிப்பகம் ;  |c 2024. 
300 |a vi + 208 பக்.  |c 24 Cm. 
650 |a Primary education (elementary education) 
942 |c BK 
999 |c 71257  |d 71257